Diccionario nuevo de las lenguas española y francesa ... (Record no. 165454)
[ view plain ]
| 000 -LEADER | |
|---|---|
| campo de control de longitud fija | 01395nam a22002895i 4500 |
| 001 - NÚMERO DE CONTROL | |
| campo de control | 165454 |
| 003 - IDENTIFICADOR DE NÚMERO DE CONTROL | |
| campo de control | ES-MaACL |
| 005 - FECHA Y HORA DE LA ÚLTIMA TRANSACCIÓN | |
| campo de control | 20230906213135.0 |
| 008 - DATOS DE LONGITUD FIJA--INFORMACIÓN GENERAL | |
| campo de control de longitud fija | 940202s1760 be a |||| | spa d |
| 040 ## - FUENTE DE CATALOGACIÓN | |
| Centro catalogador/agencia de origen | CARM |
| Lengua de catalogación | spa |
| 100 1# - ENTRADA PRINCIPAL--NOMBRE DE PERSONA | |
| Nombre de persona | Sobrino, Francisco. |
| 9 (RLIN) | 107002 |
| 245 10 - MENCIÓN DEL TÍTULO | |
| Título | Diccionario nuevo de las lenguas española y francesa ... |
| Resto del título | : en que se contiene la explicacion del español en francès, y del francès en español : en dos partes ... / |
| Mención de responsabilidad, etc. | por Francisco Sobrino ... ; tomo primero. |
| 250 ## - MENCION DE EDICION | |
| Mención de edición | Sexta edicion, considerablemente augmentada, y nuevamente corregida... |
| 260 ## - PUBLICACIÓN, DISTRIBUCIÓN, ETC. | |
| Lugar de publicación, distribución, etc. | En Brusselas : |
| Nombre del editor, distribuidor, etc. | en la Imprenta de Henrique-Alberto Gosse y Soc. Mercad. de Libros, |
| Fecha de publicación, distribución, etc. | 1760. |
| 300 ## - DESCRIPCIÓN FÍSICA | |
| Extensión | [4], 601 p., [1] h. de grab. ; |
| Dimensiones | 4\so\p. |
| 500 ## - NOTA GENERAL | |
| Nota general | Palau, XXI, 315609. |
| 595 ## - | |
| -- | Datos de ed. preceden a "tomo primero" |
| 597 ## - NOTA DE DESCRIPCIÓN FÍSICA | |
| NOTA DE DESCRIPCIÓN FÍSICA | Sign.: [@]>1<, [cruz]>1<, A-Z>4<, 2A-2Z>4<, 3A-3Z>4<, 4A-4F>4<, 4G>1<. |
| 597 ## - NOTA DE DESCRIPCIÓN FÍSICA | |
| NOTA DE DESCRIPCIÓN FÍSICA | Texto a tres col. |
| 597 ## - NOTA DE DESCRIPCIÓN FÍSICA | |
| NOTA DE DESCRIPCIÓN FÍSICA | Port. a dos tintas y con grab. xil. |
| 599 ## - NOTA A LAS ILUSTRACIONES | |
| NOTA A LAS ILUSTRACIONES | La h. de grab. calc. alegórica. |
| 650 #4 - PUNTO DE ACCESO ADICIONAL DE MATERIA--TÉRMINO DE MATERIA | |
| Término de materia o nombre geográfico como elemento de entrada | Lengua española- |
| Subdivisión de forma | Diccionarios- |
| Subdivisión general | Francés. |
| 9 (RLIN) | 14145 |
| 650 #4 - PUNTO DE ACCESO ADICIONAL DE MATERIA--TÉRMINO DE MATERIA | |
| Término de materia o nombre geográfico como elemento de entrada | Lengua francesa- |
| Subdivisión de forma | Diccionarios- |
| Subdivisión general | Español. |
| 9 (RLIN) | 14213 |
| 700 1# - ENTRADA AGREGADA--NOMBRE PERSONAL | |
| Nombre de persona | Gosse, Henri Albert. |
| 9 (RLIN) | 127490 |
| 752 ## - ENTRADA AGREGADA--NOMBRE JERÁRQUICO DEL LUGAR | |
| País o entidad superior | Bélgica - |
| Ciudad | , Bruselas |
| 852 ## - LOCALIZACIÓN | |
| Ubicación | ES-MaACL |
| Número de control de estantería | R-765-66 |
| Nota libre | -- Enc. pasta española grab. con hierros |
| condición física | -- Falto de la h. de grab. |
| Signatura antigua | -- Olim: G-6777-8 |
| Estatus retirado | Estado de pérdida | Estado de daño | No para préstamo | Colección | Biblioteca de origen | Biblioteca actual | Ubicación en estantería | Fecha de adquisición | Total de préstamos | Signatura topográfica completa | Código de barras | Visto por última vez | Precio de reemplazo | Tipo de ítem Koha |
|---|---|---|---|---|---|---|---|---|---|---|---|---|---|---|
| Colección de referencia | Biblioteca del Ateneo de Madrid | Biblioteca del Ateneo de Madrid | Depósito | 17/01/2008 | R-765-66 | 1173499 | 23/02/2023 | 23/02/2023 | Libro impreso antiguo |
